Jugendstrafvollzug in Sachsen
| Main Author: | |
|---|---|
| Format: | Print Article |
| Language: | German |
| Published: |
2000
|
| In: |
Zeitschrift für Strafvollzug und Straffälligenhilfe
Year: 2000, Volume: 49, Issue: 2, Pages: 105-109 |
| Availability in Albert-Krebs Library: | Z.01 24.1975 - 55.2006 |
| Check availability: | HBZ Gateway |
| Keywords: |
MARC
| LEADER | 00000caa a22000002c 4500 | ||
|---|---|---|---|
| 001 | 1623253314 | ||
| 003 | DE-627 | ||
| 005 | 20260503181703.0 | ||
| 007 | tu | ||
| 008 | 080626s2000 xx ||||| 00| ||ger c | ||
| 035 | |a (DE-627)1623253314 | ||
| 035 | |a (DE-576)282949097 | ||
| 035 | |a (DE-599)BSZ282949097 | ||
| 040 | |a DE-627 |b ger |c DE-627 |e rakwb | ||
| 041 | |a ger | ||
| 084 | |a 2,1 |2 ssgn | ||
| 084 | |a MS 2150 |2 rvk |0 (DE-625)rvk/123632: | ||
| 084 | |a PH 5250 |2 rvk |0 (DE-625)rvk/136194: | ||
| 100 | 1 | |8 1\p |a Schindler, Holger |d 1972- |0 (DE-588)120712326 |0 (DE-627)704941066 |0 (DE-576)292352220 |4 aut | |
| 109 | |a Schindler, Holger 1972- | ||
| 245 | 1 | 0 | |a Jugendstrafvollzug in Sachsen |
| 264 | 1 | |c 2000 | |
| 336 | |a Text |b txt |2 rdacontent | ||
| 337 | |a ohne Hilfsmittel zu benutzen |b n |2 rdamedia | ||
| 338 | |a Band |b nc |2 rdacarrier | ||
| 650 | 0 | 7 | |0 (DE-588)4028944-8 |0 (DE-627)106276417 |0 (DE-576)208980172 |a Jugendstrafvollzug |2 gnd |
| 650 | 0 | 7 | |0 (DE-588)4235034-7 |0 (DE-627)104753773 |0 (DE-576)21038543X |a Wiedervereinigung |g Deutschland |2 gnd |
| 650 | 0 | 7 | |0 (DE-588)4028859-6 |0 (DE-627)104419199 |0 (DE-576)208979859 |a Jugend |2 gnd |
| 650 | 0 | 7 | |0 (DE-588)4057808-2 |0 (DE-627)106149415 |0 (DE-576)20912377X |a Strafvollzug |2 gnd |
| 650 | 4 | |a Deutsche Einheit |7 (dpeaa)DE-2619 | |
| 773 | 0 | 8 | |i Enthalten in |t Zeitschrift für Strafvollzug und Straffälligenhilfe |d Wiesbaden : Ges. für Fortbildung der Strafvollzugsbediensteten, 1975 |g 49(2000), 2, Seite 105-109 |w (DE-627)130166723 |w (DE-600)519517-2 |w (DE-576)015709817 |x 0342-3514 |7 nnas |
| 773 | 1 | 8 | |g volume:49 |g year:2000 |g number:2 |g pages:105-109 |
| 883 | |8 1\p |a cgwrk |d 20250301 |q DE-101 |u https://d-nb.info/provenance/plan#cgwrk | ||
| 889 | |w (DE-627)1818632586 | ||
| 935 | |a SAXB |a mkri | ||
| 936 | r | v | |a MS 2150 |b Allgemeine Darstellungen |k Soziologie |k Spezielle Soziologien |k Jugendsoziologie |k Allgemeine Darstellungen |0 (DE-627)1270710710 |0 (DE-625)rvk/123632: |0 (DE-576)200710710 |
| 936 | r | v | |a PH 5250 |b Gefängniswesen, Straf-/Justizvollzugsanstalten allgemeine |k Rechtswissenschaft |k Strafrecht, Strafverfahrensrecht, Kriminologie |k Strafvollzug |k Gefängniswesen, Straf-/Justizvollzugsanstalten allgemeine |0 (DE-627)1271675005 |0 (DE-625)rvk/136194: |0 (DE-576)201675005 |
| 951 | |a AR | ||
| AKB | |a 24.1975 - 55.2006 |b Z.01 | ||
| ELC | |b 1 | ||
| LOK | |0 000 xxxxxcx a22 zn 4500 | ||
| LOK | |0 001 3249935026 | ||
| LOK | |0 003 DE-627 | ||
| LOK | |0 004 1623253314 | ||
| LOK | |0 005 20250602132559 | ||
| LOK | |0 008 160208||||||||||||||||ger||||||| | ||
| LOK | |0 040 |a DE-21-110 |c DE-627 |d DE-21-110 | ||
| LOK | |0 689 |a g |a Sachsen | ||
| LOK | |0 852 |a DE-21-110 | ||
| LOK | |0 852 1 |m p |9 00 | ||
| LOK | |0 935 |a k110 | ||
| LOK | |0 938 |k p | ||
| LOK | |0 939 |a 2016-02-08 |b l01 | ||
| LOK | |0 000 xxxxxcx a22 zn 4500 | ||
| LOK | |0 001 4196301398 | ||
| LOK | |0 003 DE-627 | ||
| LOK | |0 004 1623253314 | ||
| LOK | |0 005 20221020204400 | ||
| LOK | |0 008 221011||||||||||||||||ger||||||| | ||
| LOK | |0 035 |a (DE-2619)p06554 | ||
| LOK | |0 040 |a DE-2619 |c DE-627 |d DE-2619 | ||
| LOK | |0 092 |o n | ||
| LOK | |0 852 |a DE-2619 | ||
| LOK | |0 852 1 |m p |9 00 | ||
| LOK | |0 935 |a kreb | ||
| LOK | |0 938 |k p | ||
| LOK | |0 939 |a 2022-10-11 |b l01 | ||
| ORI | |a WA-MARC-krimdoka001.raw | ||
